[Event "Baden-Baden Grenke op 1st"]
[Site "Baden-Baden"]
[Date "2013.02.12"]
[Round "6"]
[White "Ditmas, Hugh"]
[Black "Tolhuizen, Ludo"]
[Result "0-1"]
[WhiteElo "1996"]
[BlackElo "2154"]
[PlyCount "108"]
[EventDate "2013.02.07"]
[EventType "swiss"]
[EventRounds "9"]
[EventCountry "GER"]
[SourceTitle "CBM 152 Extra"]
[Source "ChessBase"]
[SourceDate "2013.02.25"]
[SourceVersion "1"]
[SourceVersionDate "2013.02.25"]
[SourceQuality "1"]

1. d4 e6 2. c4 f5 3. g3 Nf6 4. Bg2 c6 5. Nf3 d5 6. 0-0 Bd6 7. Bf4 Bxf4 8. gxf4 0-0 9. Nc3 Nbd7 10. Ne5 Ne4 11. Rc1 Kh8 12. e3 Nxe5 13. fxe5 Bd7 14. f4 Be8 15. cxd5 cxd5 16. Bf3 g5 17. Nxe4 fxe4 18. Bg4 Bb5 19. Be2 Bxe2 20. Qxe2 gxf4 21. Rxf4 Rxf4 22. exf4 Qb6 23. Rc5 Rf8 24. Qc2 Qd8 25. Qf2 e3 26. Qxe3 Qh4 27. Rc2 Qg4+ 28. Rg2 Qxf4 29. Qxf4 Rxf4 30. Rd2 Kg7 31. Kg2 Kg6 32. Kg3 Kf5 33. a3 h5 34. h4 Rg4+ 35. Kh3 Ke4 36. Rd1 Ke3 37. Rc1 Rg7 38. Rd1 a5 39. a4 Rg4 40. Rc1 Kxd4 41. Rc7 Kxe5 42. Rh7 Rb4 43. Rxh5+ Kf4 44. Rh6 Rb3+ 45. Kg2 Rxb2+ 46. Kf1 e5 47. Rd6 d4 48. h5 Rh2 49. h6 Ke3 50. Rb6 e4 51. Rxb7 Rxh6 52. Rb3+ d3 53. Rc3 Kd2 54. Rc5 Rf6+ 0-1

[Event "Baden-Baden Grenke op 1st"]
[Site "Baden-Baden"]
[Date "2013.02.11"]
[Round "5"]
[White "Tolhuizen, Ludo"]
[Black "Magar, Johannes"]
[Result "1/2-1/2"]
[WhiteElo "2154"]
[BlackElo "2075"]
[PlyCount "29"]
[EventDate "2013.02.07"]
[EventType "swiss"]
[EventRounds "9"]
[EventCountry "GER"]
[SourceTitle "CBM 152 Extra"]
[Source "ChessBase"]
[SourceDate "2013.02.25"]
[SourceVersion "1"]
[SourceVersionDate "2013.02.25"]
[SourceQuality "1"]

1. c4 e5 2. g3 Nc6 3. Bg2 f5 4. Nc3 Nf6 5. e3 d5 6. Nxd5 Nxd5 7. cxd5 Nb4 8. d3 Nxd5 9. a3 c6 10. Nf3 Bd6 11. 0-0 0-0 12. Qc2 Qe7 13. b3 Kh8 14. Bb2 Bd7 15. Rfe1 1/2-1/2

[Event "Baden-Baden Grenke op 1st"]
[Site "Baden-Baden"]
[Date "2013.02.09"]
[Round "3"]
[White "Tolhuizen, Ludo"]
[Black "Krulich, Roman"]
[Result "0-1"]
[WhiteElo "2154"]
[BlackElo "2215"]
[PlyCount "86"]
[EventDate "2013.02.07"]
[EventType "swiss"]
[EventRounds "9"]
[EventCountry "GER"]
[SourceTitle "CBM 152 Extra"]
[Source "ChessBase"]
[SourceDate "2013.02.25"]
[SourceVersion "1"]
[SourceVersionDate "2013.02.25"]
[SourceQuality "1"]

1. d4 d5 2. Nf3 Nf6 3. Bf4 g6 4. e3 Bg7 5. Bd3 0-0 6. Nbd2 c5 7. c3 Nc6 8. h3 Nd7 9. 0-0 e5 10. dxe5 Ndxe5 11. Nxe5 Nxe5 12. Bc2 Be6 13. e4 dxe4 14. Nxe4 Qb6 15. Qc1 c4 16. Ng5 Bd5 17. Bxe5 Bxe5 18. Be4 Rad8 19. Bxd5 Rxd5 20. Nf3 Bg7 21. Qc2 Rb5 22. Rab1 Rd8 23. Qe4 Rxb2 24. Rxb2 Qxb2 25. Rb1 Qxc3 26. Rxb7 Qd3 27. Qe7 Qd1+ 28. Kh2 Qd6+ 29. Qxd6 Rxd6 30. Rxa7 Bb2 31. Rc7 c3 32. a4 Rd1 33. a5 Ra1 34. Rc5 Kf8 35. Ng5 Ra2 36. g3 Ba1 37. Ne4 c2 38. a6 Bd4 39. Rc4 f5 40. Nc5 Bxf2 41. Nd3 Be3 42. Kh1 Ke7 43. Rc6 g5 0-1

[Event "Baden-Baden Grenke op 1st"]
[Site "Baden-Baden"]
[Date "2013.02.07"]
[Round "1"]
[White "Tolhuizen, Ludo"]
[Black "Sanikidze, Tornike"]
[Result "0-1"]
[WhiteElo "2154"]
[BlackElo "2553"]
[PlyCount "98"]
[EventDate "2013.02.07"]
[EventType "swiss"]
[EventRounds "9"]
[EventCountry "GER"]
[SourceTitle "CBM 152 Extra"]
[Source "ChessBase"]
[SourceDate "2013.02.25"]
[SourceVersion "1"]
[SourceVersionDate "2013.02.25"]
[SourceQuality "1"]

1. d4 Nf6 2. Nf3 g6 3. Nc3 Bg7 4. e4 d6 5. Be3 c6 6. Qd2 b5 7. Bd3 Ng4 8. Bg5 h6 9. Bh4 Qb6 10. h3 Nf6 11. e5 dxe5 12. dxe5 Nd5 13. a4 Nxc3 14. Qxc3 b4 15. Qd2 Be6 16. 0-0 Nd7 17. Rfe1 Nc5 18. a5 Qb7 19. Bf1 Bd5 20. Qe3 Ne6 21. c4 Bxf3 22. Qxf3 0-0 23. Qe3 Rad8 24. a6 Qc7 25. f4 Rd4 26. Bg3 Rfd8 27. Be2 c5 28. Red1 Qb6 29. Kh2 Nc7 30. Rxd4 cxd4 31. Qf3 Nxa6 32. f5 gxf5 33. Qxf5 Nc5 34. Rf1 Qg6 35. Bh5 Qxf5 36. Rxf5 d3 37. Bxf7+ Kh8 38. Bh5 Na4 39. Rf1 Nxb2 40. Rb1 Nxc4 41. Rxb4 Nxe5 42. Rb7 Rd7 43. Rb5 Nc6 44. Rc5 Nd8 45. Rc8 Bf6 46. Bf4 Kg7 47. Bd2 Nf7 48. Bg4 Rb7 49. Kg3 Nd6 0-1